000 00849nam a2200229 a 4500
001 000006845
005 20240301134916.0
008 090903s2001 dr 001 0 spa d
040 _aDO-SdBNP
082 _a370.97293
_bH557h, 2001
100 1 _aHernández Disla, Pablo María,
_d1942-
_911
245 0 _aHistoria del pensamiento pedagógico en la República Dominicana /
_cPablo María Hernández ; prólogo Franklin J. Franco.
250 _a3a ed.
260 _aSanto Domingo :
_bImpresos Goris,
_c2001.
300 _a298 p. ;
_c21 cm.
504 _aBibliografía: p. 295-298
590 _aInventariado, 2018/VM
650 4 _aEducación
_zRepública Dominicana
_xHistoria
_913100
650 4 _aMaestros
_zRepública Dominicana
_xBiografías
_917426
700 1 _aFranco, Franklin J.,
_epról.
_919014
910 _aValidado. Control de calidad BNPHU
999 _c6633
_d6633